Countries where latin peoples live - Statistics

General Stats
  • This quiz has been taken 25 times
  • The average score is 33 of 39
Answer Stats
Continant Country % Correct
Europe Portugal
100%
Europe Spain
100%
Europe Andorra
95%
Europe France
95%
Europe Italy
95%
Europe San Marino
95%
Americas Brazil
91%
Europe Malta
91%
Americas Mexico
91%
Europe Switzerland
91%
Americas USA
91%
Europe Vatican City
91%
Americas Argentina
86%
Europe Belgium
86%
Americas Bolivia
86%
Americas Chile
86%
Americas Cuba
86%
Americas Dominican Republic
86%
Americas Ecuador
86%
Europe Monaco
86%
Americas Paraguay
86%
Americas Peru
86%
Americas Uruguay
86%
Americas Belize
82%
Americas Canada
82%
Americas Colombia
82%
Americas El Salvador
82%
Americas Guatemala
82%
Americas Haiti
82%
Americas Honduras
82%
Americas Nicaragua
82%
Americas Panama
82%
Americas Costa RIca
77%
Europe Romania
77%
Americas Venezuela
77%
Europe Greece
73%
Europe Luxembourg
73%
Europe Moldova
73%
Europe Ukraine
64%
No matching quizzes found
Score Distribution
Percent of People with Each Score
Percentile by Number Answered
Your Score History
You have not taken this quiz